[Event "Pinneberg-ch 37th"]
[Site "Pinneberg"]
[Date "2019.09.19"]
[Round "7"]
[White "Hadlich, Winfried"]
[Black "Pill, Bernhard"]
[Result "0-1"]
[WhiteElo "1727"]
[BlackElo "1985"]
[PlyCount "76"]
[EventDate "2019.08.08"]
[EventType "swiss"]
[EventRounds "7"]
[EventCountry "GER"]
[SourceTitle "CBM 192 Extra"]
[Source "Chessbase"]
[SourceDate "2019.11.06"]
[SourceVersion "1"]
[SourceVersionDate "2019.11.06"]
[SourceQuality "1"]

1. d4 Nf6 2. Nf3 g6 3. c4 Bg7 4. Nc3 c5 5. e4 cxd4 6. Nxd4 0-0 7. Be2 Nc6 8. Be3 d6 9. 0-0 Bd7 10. Rc1 a6 11. a3 Rc8 12. b4 Ne5 13. c5 dxc5 14. bxc5 Neg4 15. Qd2 Nxe3 16. Qxe3 Rxc5 17. Ne6 Rxc3 18. Rxc3 Bxe6 19. Rd3 Qa5 20. h3 Bc4 21. Rd5 Bxe2 22. Qxe2 Qxa3 23. e5 Ne8 24. Rd7 b5 25. Ra7 e6 26. Rd1 Qc5 27. Rxa6 Nc7 28. Ra2 Qxe5 29. Qd3 b4 30. Rc2 Nd5 31. Rc4 h5 32. Qd2 b3 33. Re1 Qf6 34. Rb1 b2 35. Rc2 Qf5 36. Rcxb2 Bxb2 37. Rxb2 Rc8 38. Qh6 Qf4 0-1

[Event "Pinneberg-ch 37th"]
[Site "Pinneberg"]
[Date "2019.09.12"]
[Round "6"]
[White "Hadlich, Winfried"]
[Black "Quitzau, Lukas"]
[Result "1-0"]
[WhiteElo "1727"]
[BlackElo "1674"]
[PlyCount "55"]
[EventDate "2019.08.08"]
[EventType "swiss"]
[EventRounds "7"]
[EventCountry "GER"]
[SourceTitle "CBM 192 Extra"]
[Source "Chessbase"]
[SourceDate "2019.11.06"]
[SourceVersion "1"]
[SourceVersionDate "2019.11.06"]
[SourceQuality "1"]

1. d4 Nf6 2. c4 g6 3. Nc3 Bg7 4. e4 d6 5. Be2 e5 6. dxe5 dxe5 7. Qxd8+ Kxd8 8. Bg5 c6 9. Nf3 Nbd7 10. Bh4 h6 11. Rd1 Kc7 12. h3 Nh5 13. Be7 Bf8 14. Bxf8 Rxf8 15. c5 Nxc5 16. Nxe5 Nf6 17. f3 b5 18. b4 Ncd7 19. Nd3 a5 20. a3 axb4 21. axb4 Re8 22. Rc1 Kb6 23. Kf2 Ne5 24. Nxe5 Rxe5 25. Rhd1 Re7 26. Rd6 Be6 27. Nxb5 Rc8 28. Nd4 1-0

[Event "Pinneberg-ch 37th"]
[Site "Pinneberg"]
[Date "2019.09.05"]
[Round "5"]
[White "Partus, Emma"]
[Black "Hadlich, Winfried"]
[Result "0-1"]
[WhiteElo "1401"]
[BlackElo "1727"]
[PlyCount "84"]
[EventDate "2019.08.08"]
[EventType "swiss"]
[EventRounds "7"]
[EventCountry "GER"]
[SourceTitle "CBM 192 Extra"]
[Source "Chessbase"]
[SourceDate "2019.11.06"]
[SourceVersion "1"]
[SourceVersionDate "2019.11.06"]
[SourceQuality "1"]

1. e4 c5 2. Nf3 d6 3. d4 cxd4 4. Nxd4 Nf6 5. Nc3 g6 6. Bb5+ Bd7 7. Bxd7+ Nbxd7 8. 0-0 Bg7 9. Nde2 0-0 10. f3 Qb6+ 11. Kh1 Rac8 12. Na4 Qc6 13. Nac3 a6 14. Nd4 Qc7 15. Re1 Rfe8 16. Be3 b5 17. Rc1 Qb7 18. a3 Ne5 19. Nb1 Nc4 20. b3 Nxe3 21. Qe2 e5 22. Qxe3 exd4 23. Qxd4 Nh5 24. Qf2 Bh6 25. Rcd1 Rc6 26. c3 Bg7 27. Rd3 Nf4 28. Rde3 Ne6 29. b4 Qb6 30. Qd2 Bh6 31. g3 Bxe3 32. Rxe3 Ng7 33. Rd3 Qc7 34. Qc2 Qe7 35. Rd1 Qe6 36. g4 Qf6 37. Qe2 Ne6 38. Qf2 Rec8 39. Rd3 Nf4 40. Re3 Qe5 41. Qg3 d5 42. Qe1 d4 0-1

[Event "Pinneberg-ch 37th"]
[Site "Pinneberg"]
[Date "2019.08.29"]
[Round "4"]
[White "Hadlich, Winfried"]
[Black "Engels, Jan"]
[Result "1/2-1/2"]
[WhiteElo "1727"]
[BlackElo "1163"]
[PlyCount "64"]
[EventDate "2019.08.08"]
[EventType "swiss"]
[EventRounds "7"]
[EventCountry "GER"]
[SourceTitle "CBM 192 Extra"]
[Source "Chessbase"]
[SourceDate "2019.11.06"]
[SourceVersion "1"]
[SourceVersionDate "2019.11.06"]
[SourceQuality "1"]

1. d4 d5 2. Nf3 e6 3. c4 c5 4. cxd5 exd5 5. e3 Nf6 6. Nc3 c4 7. Be2 Be7 8. Qc2 Nc6 9. 0-0 0-0 10. b3 Nb4 11. Qd1 Be6 12. bxc4 dxc4 13. Ng5 Rc8 14. Nxe6 fxe6 15. a3 Nbd5 16. Bd2 a6 17. Qa4 Qc7 18. Rfc1 Bd6 19. g3 Nxc3 20. Bxc3 Qc6 21. Qxc6 Rxc6 22. Bb4 Bxb4 23. axb4 b5 24. Bf3 Nd5 25. Bg2 Rb6 26. Rab1 Rc8 27. e4 Nf6 28. Rc3 Rcb8 29. Ra1 Rd8 30. Rd1 Rf8 31. h3 Kh8 32. Ra3 Rfb8 1/2-1/2

[Event "Pinneberg-ch 37th"]
[Site "Pinneberg"]
[Date "2019.08.22"]
[Round "3"]
[White "Dangelowski, Peter"]
[Black "Hadlich, Winfried"]
[Result "1-0"]
[WhiteElo "1616"]
[BlackElo "1727"]
[PlyCount "83"]
[EventDate "2019.08.08"]
[EventType "swiss"]
[EventRounds "7"]
[EventCountry "GER"]
[SourceTitle "CBM 192 Extra"]
[Source "Chessbase"]
[SourceDate "2019.11.06"]
[SourceVersion "1"]
[SourceVersionDate "2019.11.06"]
[SourceQuality "1"]

1. d4 Nf6 2. Bf4 g6 3. Nf3 Bg7 4. e3 d6 5. h3 a6 6. Be2 0-0 7. 0-0 Nbd7 8. Bc4 d5 9. Bd3 Nh5 10. Bh2 c5 11. c3 c4 12. Bc2 b5 13. Nbd2 Qb6 14. e4 dxe4 15. Bxe4 Bb7 16. Bxb7 Qxb7 17. Re1 e6 18. Qc2 Nhf6 19. Ne5 Nd5 20. Nxd7 Qxd7 21. Qe4 Rac8 22. Qe2 Qc6 23. a3 a5 24. Rac1 Bh6 25. Rc2 Qa6 26. Ra1 Qb7 27. Ne4 Rc6 28. a4 b4 29. Nc5 Rxc5 30. dxc5 b3 31. Rcc1 Bxc1 32. Rxc1 Qa6 33. Rd1 Rc8 34. Bd6 Qc6 35. Qxc4 Qxd6 36. cxd6 Rxc4 37. d7 Nxc3 38. d8Q+ Kg7 39. bxc3 Rxa4 40. Qe8 Rf4 41. g3 Rf5 42. Rb1 1-0

[Event "GER-ch Seniors 65 31st"]
[Site "Radebeul"]
[Date "2019.04.28"]
[Round "3"]
[White "Hadlich, Winfried"]
[Black "Steingrobe, Udo"]
[Result "1-0"]
[WhiteElo "1854"]
[BlackElo "2056"]
[PlyCount "115"]
[EventDate "2019.04.26"]
[EventType "swiss"]
[EventRounds "9"]
[EventCountry "GER"]
[SourceTitle "CBM 190 Extra"]
[Source "ChessBase"]
[SourceDate "2019.07.15"]
[SourceVersion "1"]
[SourceVersionDate "2019.07.15"]
[SourceQuality "1"]

1. d4 f5 2. g3 Nf6 3. Bg2 e6 4. c4 d5 5. Nf3 Be7 6. Nc3 0-0 7. 0-0 c6 8. cxd5 exd5 9. Qb3 Nbd7 10. Ng5 Nb6 11. e4 fxe4 12. Ngxe4 Kh8 13. Ng5 Bf5 14. Nf3 Bd6 15. Bg5 h6 16. Be3 Qe8 17. Rfe1 Qh5 18. Nh4 Ng4 19. Qd1 Nc4 20. h3 Ncxe3 21. Rxe3 Qf7 22. hxg4 Bxg4 23. Qc2 Kg8 24. Rf1 Rfe8 25. Rfe1 Rf8 26. Nf3 c5 27. Ne5 Bxe5 28. Rxe5 Kh8 29. Bxd5 Qc7 30. dxc5 Rad8 31. b4 a5 32. Re7 Rd7 33. Re8 Rd8 34. Qg6 Bf5 35. Rxf8+ Rxf8 36. Qd6 Qxd6 37. cxd6 axb4 38. Ne4 Rd8 39. Rd1 Rd7 40. f3 g5 41. Bb3 Kg7 42. Nc5 Rd8 43. g4 Bd7 44. Be6 Bc6 45. Kf2 Kf6 46. Bf5 h5 47. Ne4+ Bxe4 48. Bxe4 hxg4 49. fxg4 Ke5 50. Bxb7 b3 51. axb3 Ke6 52. d7 Ke7 53. Bc8 Rf8+ 54. Kg3 Kd8 55. Rd5 Rg8 56. b4 Rg6 57. b5 Re6 58. Rxg5 1-0

[Event "Pinneberg-ch"]
[Site "Pinneberg"]
[Date "2018.08.16"]
[Round "1"]
[White "Tornier, Siegfried"]
[Black "Hadlich, Winfried"]
[Result "1-0"]
[WhiteElo "1361"]
[BlackElo "1710"]
[PlyCount "77"]
[EventDate "2018.08.16"]
[EventType "swiss"]
[EventRounds "7"]
[EventCountry "GER"]
[SourceTitle "EXT 2019"]
[Source "ChessBase"]
[SourceDate "2018.10.10"]
[SourceVersion "1"]
[SourceVersionDate "2018.10.10"]
[SourceQuality "1"]

1. e4 d5 2. exd5 Nf6 3. c4 g6 4. Be2 Bg7 5. Nf3 b5 6. d3 0-0 7. 0-0 Bb7 8. Nc3 a6 9. Rb1 c6 10. dxc6 Bxc6 11. Ne5 Be8 12. Bf3 Nfd7 13. Nxf7 Bxf7 14. Bxa8 Ne5 15. cxb5 axb5 16. Be4 Nbd7 17. d4 Nc4 18. b3 Nd6 19. Bf3 Nf6 20. Ba3 Nf5 21. Bc5 Nh4 22. Bc6 Qc7 23. Bxb5 Qb7 24. f3 Rd8 25. Qe2 e6 26. Bc4 Re8 27. Nb5 Qd7 28. Nd6 Nf5 29. Nxe8 Nxe8 30. Rbd1 Nc7 31. Rfe1 Bh6 32. Qe4 Nd6 33. Bxd6 Qxd6 34. d5 Bf4 35. dxe6 Bxh2+ 36. Kf1 Qc5 37. exf7+ Kf8 38. Rd8+ Kg7 39. Qd4+ 1-0

[Event "Pinneberg-ch"]
[Site "Pinneberg"]
[Date "2017.10.19"]
[Round "7"]
[White "Hadlich, Winfried"]
[Black "Hotze, Kurt"]
[Result "1/2-1/2"]
[WhiteElo "1710"]
[BlackElo "1530"]
[PlyCount "62"]
[EventDate "2017.09.07"]
[EventType "swiss"]
[EventRounds "7"]
[EventCountry "GER"]
[SourceTitle "EXT 2019"]
[Source "ChessBase"]
[SourceDate "2018.10.10"]
[SourceVersion "1"]
[SourceVersionDate "2018.10.10"]
[SourceQuality "1"]

1. d4 Nf6 2. Nf3 e6 3. Nbd2 c5 4. c3 cxd4 5. cxd4 Qa5 6. e3 d5 7. Be2 Bd6 8. 0-0 0-0 9. Nb3 Qc7 10. Bd2 Ne4 11. Rc1 Qe7 12. Bd3 f5 13. Qe2 Bd7 14. Rc2 Nc6 15. Rfc1 Rac8 16. a3 a6 17. Ba5 Nxa5 18. Nxa5 Rxc2 19. Rxc2 b5 20. Nb7 Bb8 21. Nc5 Nxc5 22. Rxc5 Bd6 23. Rc2 Qf6 24. Qd2 g5 25. Qa5 g4 26. Ne5 Bxe5 27. dxe5 Qxe5 28. Qc7 Qg7 29. Qd6 Rc8 30. Rxc8+ Bxc8 31. Qd8+ Qf8 1/2-1/2

[Event "Pinneberg-ch"]
[Site "Pinneberg"]
[Date "2017.10.12"]
[Round "6"]
[White "Berking, Bernhard"]
[Black "Hadlich, Winfried"]
[Result "1/2-1/2"]
[WhiteElo "1411"]
[BlackElo "1710"]
[PlyCount "101"]
[EventDate "2017.09.07"]
[EventType "swiss"]
[EventRounds "7"]
[EventCountry "GER"]
[SourceTitle "EXT 2019"]
[Source "ChessBase"]
[SourceDate "2018.10.10"]
[SourceVersion "1"]
[SourceVersionDate "2018.10.10"]
[SourceQuality "1"]

1. c4 Nf6 2. Nc3 d5 3. cxd5 Nxd5 4. g3 Nc6 5. Bg2 e6 6. Nf3 Be7 7. 0-0 0-0 8. d3 Nf6 9. a3 e5 10. Nd2 Be6 11. Nde4 Nd5 12. Bd2 f5 13. Nxd5 Bxd5 14. Nc3 Bxg2 15. Kxg2 f4 16. Qb3+ Kh8 17. Qxb7 Qd7 18. Qb3 Rab8 19. Qd5 Qxd5+ 20. Nxd5 Rxb2 21. Nxe7 Nxe7 22. Bb4 Re8 23. Bxe7 Rxe7 24. Rab1 Rb6 25. Kf3 h6 26. g4 Ra6 27. Rb3 Ra4 28. Rc1 e4+ 29. dxe4 Raxe4 30. Rxc7 Rxe2 31. Rxe7 Rxe7 32. Kxf4 Kh7 33. f3 Kg6 34. h4 Kf6 35. Rb5 Rc7 36. Rf5+ Ke6 37. Ra5 Kf6 38. g5+ hxg5+ 39. hxg5+ Kg6 40. Kg4 Kh7 41. f4 g6 42. Ra4 Rf7 43. Re4 Kg7 44. a4 a5 45. Re5 Ra7 46. f5 gxf5+ 47. Rxf5 Ra8 48. Rb5 Kg6 49. Rb6+ Kg7 50. Rf6 Rc8 51. Rf4 1/2-1/2

[Event "Pinneberg-ch"]
[Site "Pinneberg"]
[Date "2017.09.14"]
[Round "2"]
[White "Hadlich, Winfried"]
[Black "Pill, Bernhard"]
[Result "1/2-1/2"]
[WhiteElo "1710"]
[BlackElo "2026"]
[PlyCount "37"]
[EventDate "2017.09.07"]
[EventType "swiss"]
[EventRounds "7"]
[EventCountry "GER"]
[SourceTitle "EXT 2019"]
[Source "ChessBase"]
[SourceDate "2018.10.10"]
[SourceVersion "1"]
[SourceVersionDate "2018.10.10"]
[SourceQuality "1"]

1. d4 Nf6 2. Nf3 e6 3. c4 b6 4. Nc3 Bb7 5. Bg5 Be7 6. e3 0-0 7. Bd3 d5 8. b3 Nbd7 9. Qc2 h6 10. h4 c5 11. Ke2 Rc8 12. Rh3 cxd4 13. exd4 Qc7 14. Bxh6 gxh6 15. Rg3+ Kh8 16. Qd2 Ng8 17. Rxg8+ Kxg8 18. Qxh6 Nf6 19. Qg5+ 1/2-1/2

[Event "Schleswig Holstein-ch Seniors op 11th"]
[Site "Buesum"]
[Date "2017.09.13"]
[Round "6"]
[White "Hadlich, Winfried"]
[Black "Moeller, Peter1"]
[Result "1/2-1/2"]
[WhiteElo "1869"]
[BlackElo "1672"]
[PlyCount "112"]
[EventDate "2017.09.08"]
[EventType "swiss"]
[EventRounds "9"]
[EventCountry "GER"]
[SourceTitle "EXT 2019"]
[Source "ChessBase"]
[SourceDate "2018.10.10"]
[SourceVersion "1"]
[SourceVersionDate "2018.10.10"]
[SourceQuality "1"]

1. d4 Nf6 2. c4 e6 3. Nc3 d5 4. cxd5 exd5 5. Bg5 c6 6. e3 Bf5 7. Bd3 Bxd3 8. Qxd3 Be7 9. Nf3 Nbd7 10. 0-0 h6 11. Bh4 0-0 12. Bg3 Re8 13. h3 Bb4 14. Ne5 Nf8 15. Rac1 Rc8 16. Rfd1 Bd6 17. a3 Qe7 18. Qf5 Qe6 19. Qf3 N8d7 20. Nxd7 Qxd7 21. Bxd6 Qxd6 22. Na4 Rc7 23. Nc5 Rce7 24. Nd3 Ne4 25. Nc5 Qf6 26. Nxe4 Qxf3 27. gxf3 dxe4 28. fxe4 Rxe4 29. Rc5 R4e6 30. Rdc1 Rd8 31. b4 Rd7 32. a4 Red6 33. b5 cxb5 34. axb5 Kf8 35. Kf1 Ke7 36. Ke2 Rd5 37. Rb1 b6 38. Rc6 Rh5 39. Kf3 Rxh3+ 40. Kg4 Rh2 41. Rb2 Rg2+ 42. Kf3 Rg5 43. Kf4 Rgd5 44. Ke4 f5+ 45. Kf3 R5d6 46. Rc8 Kf6 47. Rb1 Re6 48. Rg1 Rf7 49. Ra8 g5 50. Ra1 Ree7 51. Rh8 Kg6 52. Rh1 Rh7 53. Rg8+ Reg7 54. Rc8 Rc7 55. Rg8+ Kf7 56. Rxg5 Kf6 1/2-1/2

[Event "Pinneberg op Seniors 16th"]
[Site "Pinneberg"]
[Date "2015.08.13"]
[Round "7"]
[White "Hadlich, Winfried"]
[Black "Linke, Harry"]
[Result "1-0"]
[WhiteElo "1728"]
[BlackElo "1525"]
[PlyCount "111"]
[EventDate "2015.07.02"]
[EventType "swiss"]
[EventRounds "7"]
[EventCountry "GER"]
[SourceTitle "EXT 2017"]
[Source "ChessBase"]
[SourceDate "2016.10.25"]
[SourceVersion "1"]
[SourceVersionDate "2016.10.25"]
[SourceQuality "1"]

1. d4 d5 2. Nf3 Nf6 3. Bf4 e6 4. e3 c5 5. c3 Qb6 6. Qc2 Bd7 7. Nbd2 Bd6 8. Bxd6 Qxd6 9. e4 dxe4 10. Nxe4 Nxe4 11. Qxe4 Bc6 12. Qg4 0-0 13. Be2 Nd7 14. 0-0 Nf6 15. Qg5 Ne4 16. Qe3 f5 17. dxc5 Qxc5 18. Qxc5 Nxc5 19. Ne5 Be8 20. Rfd1 Rf6 21. Rd4 Kf8 22. Rad1 Ke7 23. Bf3 g5 24. h3 h5 25. g3 g4 26. hxg4 fxg4 27. Bh1 Rf5 28. f4 gxf3 29. Nxf3 Bc6 30. Nh4 Rg5 31. Bxc6 bxc6 32. Kh2 Rag8 33. Re1 e5 34. Re3 Ne6 35. Rde4 Kd6 36. Rd3+ Kc7 37. b4 Rd8 38. Rxd8 Nxd8 39. Nf3 Rf5 40. Nxe5 Rf2+ 41. Kh3 Rxa2 42. Rc4 Re2 43. Ng6 Re3 44. Nf4 Re5 45. Kh4 Kb6 46. Nxh5 Ne6 47. Nf4 Ng5 48. Nd3 Re4+ 49. Rxe4 Nxe4 50. c4 a6 51. g4 c5 52. Nxc5 Nxc5 53. bxc5+ Kxc5 54. g5 Kd6 55. Kh5 a5 56. g6 1-0

[Event "Pinneberg op Seniors 16th"]
[Site "Pinneberg"]
[Date "2015.07.09"]
[Round "2"]
[White "Raedisch, Peter"]
[Black "Hadlich, Winfried"]
[Result "1-0"]
[WhiteElo "1553"]
[BlackElo "1728"]
[PlyCount "114"]
[EventDate "2015.07.02"]
[EventType "swiss"]
[EventRounds "7"]
[EventCountry "GER"]
[SourceTitle "EXT 2017"]
[Source "ChessBase"]
[SourceDate "2016.10.25"]
[SourceVersion "1"]
[SourceVersionDate "2016.10.25"]
[SourceQuality "1"]

1. e4 c5 2. Nf3 d6 3. d4 cxd4 4. Nxd4 Nf6 5. Nc3 a6 6. Bd3 e6 7. h3 Nbd7 8. Be3 Ne5 9. Be2 Bd7 10. 0-0 Rc8 11. f4 Nc4 12. Bxc4 Rxc4 13. f5 e5 14. Nf3 Rxc3 15. bxc3 Nxe4 16. Nh2 Bc6 17. Qg4 h5 18. Qd1 Nxc3 19. Qe1 Nd5 20. Kh1 Nxe3 21. Qxe3 Be7 22. Qg3 Bf6 23. Rad1 Qc7 24. Rd2 Ke7 25. Qe3 Rd8 26. Nf3 Kf8 27. Ng5 Kg8 28. Ne4 Qe7 29. Nxf6+ Qxf6 30. Qe2 Qh4 31. Qe3 Qf6 32. Qe2 Qg5 33. Kh2 h4 34. Rf2 e4 35. Rd1 Qg3+ 36. Kg1 e3 37. Rff1 d5 38. Rf3 Qg5 39. Qxe3 Qf6 40. Qd4 Qxd4+ 41. Rxd4 Re8 42. Kf2 Kf8 43. Rxh4 Kg8 44. Rd4 Re5 45. g4 Re8 46. Re3 Rc8 47. Kf3 Kf8 48. Kf4 Bb5 49. Rxd5 Rc4+ 50. Kg5 f6+ 51. Kh4 Rxc2 52. a3 Rc8 53. Rd4 Bc6 54. Rd1 Kf7 55. Rde1 Rc7 56. Kh5 a5 57. h4 Rc8 1-0

[Event "Pinneberg-ch"]
[Site "Pinneberg"]
[Date "2012.08.30"]
[Round "3"]
[White "Van Riesen, Klaus"]
[Black "Hadlich, Winfried"]
[Result "0-1"]
[WhiteElo "2070"]
[BlackElo "1942"]
[PlyCount "127"]
[EventDate "2012.08.16"]
[EventType "swiss"]
[EventRounds "7"]
[EventCountry "GER"]
[SourceTitle "EXT 2013"]
[Source "ChessBase"]
[SourceDate "2012.11.22"]
[SourceVersion "1"]
[SourceVersionDate "2012.11.22"]
[SourceQuality "1"]

1. e4 d5 2. exd5 Qxd5 3. Nc3 Qd6 4. d4 Nf6 5. Nb5 Qd8 6. Bf4 Nd5 7. Bg3 a6 8. Na3 e6 9. Nc4 Nc6 10. Nf3 b5 11. Nce5 Nxe5 12. Nxe5 Bd6 13. a4 b4 14. Bd3 Bb7 15. 0-0 Nf6 16. Re1 0-0 17. Qe2 Be7 18. Rad1 Qd5 19. Nf3 Qc6 20. b3 Bd6 21. Be5 Be7 22. Qf1 Nd5 23. Nd2 f5 24. Nc4 a5 25. Be2 Bf6 26. Bf3 g5 27. h3 Rf7 28. Rd3 Qd7 29. Red1 Ba6 30. Qe1 Ra7 31. R1d2 Bb7 32. Bxf6 Rxf6 33. Ne5 Qd6 34. Nc4 Qd7 35. Qe5 Qg7 36. Bxd5 Bxd5 37. Rg3 h6 38. Ne3 Be4 39. f4 Kh7 40. d5 exd5 41. Nxd5 Rd6 42. Qe8 Rxd5 43. Rxd5 Bxd5 44. fxg5 Bf7 45. Qe3 Ra6 46. Qd3 Rg6 47. Qxf5 Be6 48. Qxa5 Qd4+ 49. Kh2 Qf4 50. Qc5 Rxg5 51. Qe3 Qd6 52. a5 Rxa5 53. h4 Rh5 54. Qe4+ Bf5 55. Qc4 Bg6 56. Kh3 Bf5+ 57. Kh2 Be6 58. Qe4+ Bf5 59. Qc4 Bg6 60. Qg4 Re5 61. Qf3 Rf5 62. Qe2 Rf4 63. Rf3 Rxh4+ 64. Kg1 0-1

[Event "GER-ch Seniors"]
[Site "Dresden"]
[Date "2012.08.14"]
[Round "6"]
[White "Hadlich, Winfried"]
[Black "Bischof, Rainer"]
[Result "1/2-1/2"]
[WhiteElo "1942"]
[BlackElo "2041"]
[PlyCount "57"]
[EventDate "2012.08.09"]
[EventType "swiss"]
[EventRounds "9"]
[EventCountry "GER"]
[SourceTitle "EXT 2014"]
[Source "ChessBase"]
[SourceDate "2013.11.20"]
[SourceVersion "1"]
[SourceVersionDate "2013.11.20"]
[SourceQuality "1"]

1. Nf3 c5 2. c4 Nc6 3. e3 Nf6 4. Nc3 g6 5. d4 cxd4 6. exd4 d5 7. cxd5 Nxd5 8. Bc4 Nxc3 9. bxc3 Bg7 10. 0-0 0-0 11. Bf4 Bg4 12. Be2 Rc8 13. h3 Bxf3 14. Bxf3 e6 15. Rb1 b6 16. d5 exd5 17. Bxd5 Na5 18. Rc1 Qf6 19. Qd2 Rxc3 20. Rfe1 Rxc1 21. Qxc1 Qd4 22. Rd1 Qb2 23. Qc7 Qf6 24. Re1 Qd4 25. Bf3 Bf6 26. Rd1 Qc4 27. Qd6 Qc3 28. Rc1 Qd4 29. Qc7 1/2-1/2

[Event "GER-ch Seniors"]
[Site "Dresden"]
[Date "2012.08.10"]
[Round "2"]
[White "Hadlich, Winfried"]
[Black "Niebling, Ferdinand"]
[Result "1/2-1/2"]
[WhiteElo "1942"]
[BlackElo "2160"]
[PlyCount "88"]
[EventDate "2012.08.09"]
[EventType "swiss"]
[EventRounds "9"]
[EventCountry "GER"]
[SourceTitle "EXT 2014"]
[Source "ChessBase"]
[SourceDate "2013.11.20"]
[SourceVersion "1"]
[SourceVersionDate "2013.11.20"]
[SourceQuality "1"]

1. Nf3 f5 2. d4 Nf6 3. c4 d6 4. Nc3 g6 5. Qc2 Bg7 6. e4 fxe4 7. Nxe4 Nxe4 8. Qxe4 Nc6 9. Bd3 0-0 10. 0-0 Bf5 11. Qe3 Bg4 12. d5 Bxf3 13. gxf3 Nd4 14. Be4 Qd7 15. Rd1 Nf5 16. Bxf5 Qxf5 17. Rd3 Be5 18. Qe4 Rf7 19. Qxf5 Rxf5 20. Kg2 b6 21. Rb1 Raf8 22. b4 Rh5 23. h3 Rh4 24. c5 Rc4 25. cxb6 axb6 26. Bd2 Ra8 27. a3 b5 28. Rc1 Kf7 29. Rb1 Ke8 30. Rbb3 Kd7 31. Bc3 Bxc3 32. Rbxc3 c6 33. Rxc4 bxc4 34. dxc6+ Kxc6 35. Re3 Ra7 36. Kf1 d5 37. Ke2 d4 38. Re5 Kd6 39. Rc5 c3 40. Kd3 e5 41. f4 exf4 42. Kxd4 c2 43. Rxc2 Rxa3 44. Rc3 Ra2 1/2-1/2